000 00593nam a2200229Ia 4500
003 OSt
005 20220928102612.0
006 a|||||r|||| 00| 0
007 ta
008 220927b |||||||| |||| 00| 0 hin d
024 _a64756
037 _cTextual
040 _aSDCL
_cSDCL
_bhin
041 _2hin
_ahin
082 _aX9(M71).2'N9, N4
100 _aPrasad Avadh
_9399263
245 0 _aKhadi Takneek
260 _aNew Delhi
_bRawat Publications
_c1994
300 _a168p.
_ccm.
942 _hX9(M71).2'N9, N4
_cTEXL
_2CC
999 _c715125
_d715125